000 01099cam a22002774a 4500
999 _c10349
_d10349
003 OSt
005 20220314180718.0
008 090929s2010 nyuab b 000 0 eng
010 _a 2009040572
016 7 _a015529998
_2Uk
020 _a9781568988184 (alk. paper)
020 _a1568988184 (alk. paper)
035 _a(OCoLC)ocn457155119
082 0 0 _a729/.1
_222
_bJEN
100 1 _aLovell, Jenny,
_d1967-
245 1 0 _aBuilding envelopes :
_ban integrated approach /
_cJenny Lovell.
250 _a1st ed.
260 _aNew York :
_bPrinceton Architectural Press,
_cc2010.
300 _a152 p. :
_bill. (chiefly col.), col. map ;
_c22 cm.
490 1 _aArchitecture briefs
504 _aIncludes bibliographical references (p. 148-151).
520 _aAdvocates the design of building envelopes in an integrated way, where appearance, use, context, energy performance, structure, and cost are of equal importance in creating cost- and energy-efficient, yet aesthetically pleasing, facades.
650 0 _aFacades
_xDesign and construction.
830 0 _aArchitecture briefs.
942 _2ddc